|
|
|
|
| LEADER |
00000nab a2200000 4500 |
| 001 |
vtls011974666 |
| 003 |
SK-MaSNL |
| 005 |
20260318123958.0 |
| 008 |
240430|20200617xo |||| || ||00 0|hun |
| 015 |
|
|
|a SNBRB2020/06
|
| 038 |
|
|
|a DSZK
|
| 040 |
|
|
|a DSZK
|b slo
|c DSZK
|e rda
|
| 041 |
|
|
|a hun
|
| 043 |
|
|
|a e-xo---
|
| 044 |
|
|
|a xo
|c SK
|
| 072 |
|
7 |
|a 811.511.1
|x Ugrofínske jazyky
|2 konspekt
|
| 080 |
|
|
|a 811.511.141
|2 2011
|
| 080 |
|
|
|a 81`27
|2 2011
|
| 100 |
1 |
|
|a Vataščin, Péter
|4 aut
|9 448354
|
| 245 |
1 |
0 |
|a A magyar nyelv labirintusai Szlovákiában
|c Vataščin Péter
|
| 300 |
|
|
|b Fotografie
|
| 336 |
|
|
|a text
|b txt
|2 rdacontent
|
| 337 |
|
|
|a bez média
|b n
|2 rdamedia
|
| 338 |
|
|
|a zväzok
|b nc
|2 rdacarrier
|
| 650 |
0 |
7 |
|a maďarčina
|2 SNKPH
|9 1492
|
| 650 |
0 |
7 |
|a Maďari
|2 SNKPH
|9 18097
|
| 650 |
0 |
7 |
|a menšiny
|2 SNKPH
|9 2681
|
| 650 |
0 |
7 |
|a bilingvizmus
|2 SNKPH
|9 22586
|
| 651 |
|
7 |
|a Slovensko
|2 SNKPHgeo
|9 14231
|
| 655 |
|
7 |
|a recenzie
|2 snkbucl
|9 21907
|
| 773 |
0 |
|
|t Új szó
|g Évf. 73, sz. 139 (2020.6.17)
|x 1335-7050
|
| 773 |
0 |
8 |
|i Melléklet:
|t Könyvespolc
|g O. IV
|
| 787 |
0 |
8 |
|i Recenzia:
|a Misad, Katalin
|t Nyelvhasználat kétnyelvű közegben
|d Somorja : Fórum Kisebbségkutató Intézet - Gramma Nyelvi iroda, 2019
|z 9788089978069
|w vtls011898283
|
| 958 |
|
|
|a SK
|
| 958 |
|
|
|a HU
|
| 958 |
|
|
|a RC
|
| 999 |
|
|
|c 2717413
|d 2719343
|